00722nam a2200229 450000100060000000300080000600500170001400800390003102000150007003500190008504000320010404100080013608200220014410000270016624500440019326000390023730000710027635000090034750000840035650400200044060000320046019767BD-RjUL20211209000457.0140225s1970 enkacgh 001 0beng a0500130264 a(BD-RjUL)19828 aDLCcDLCdDLCdBD-RjULbeng aeng00a780.924bLAS 19701 aLayton, Robert,d1930-10aSibelius and his world /cRobert Layton aLondon :bThames & Hudson,cc1970. a120 p. (chiefly illus.) :bill., facsims., music, ports. ;c24 cm. a35/- aIllustrations reproduced from Jean Sibelius-Kuvaelämäkerta, by Ilkka Oramo. aIncludes index.10aSibelius, Jean,d1865-1957.